000 00947cam a2200241Ka 4500
001 89549
005 20230411090047.0
008 031201s198u dr a 000 0 spa d
035 _a(OCoLC)ocm53806162
040 _aUJX
_cUJX
_dOCLCQ
035 _a(OCoLC)53806162
049 _aGRAL
245 0 0 _aBalaguer :
_bHemingway plagió a Bosch, Guy de Maupassant, Bonaparte Gautreaux Piñeyro, Augusto Roa Bastos, A.R. Arambilet, Gabriel Garcia Marquez ... /
_c[Juan R. Quiñones, editor-director ; Pedro A. Richardson, coordinador general ; Abil Peralta Aguero, encargao de difusión].
260 _aSanto Domingo, República Dominicana :
_bEditorama,
_c[198-?]
300 _a68 p. :
_bill. ;
_c22 cm.
440 0 _aLetra grande : arte y literatura ;
_vAño 1, no. 4
500 _a"Cuentos poemas ... carpentier y su obra."
500 _aCover title.
700 1 _aQuiñones, Juan R.
942 _2lcc
_cbk
946 _abc
994 _aC0
_bDRFGD
999 _c111796
_d111796